Ekonomika zemědelství časopis pro ekonomiku JZD

Guardado en:
Detalles Bibliográficos
Formato: Seriadas
Lenguaje:checo
Publicado: Praha Státní zemědělské nakladatelství 1971
Materias:
Etiquetas: Agregar Etiqueta
Sin Etiquetas, Sea el primero en etiquetar este registro!

MARC

LEADER 00000nas2a2200000 4500
001 0009468
005 20230717110630.2
022 |a 0013-3124 
041 0 |a cze 
044 |a CZ 
245 1 0 |a Ekonomika zemědelství  |b časopis pro ekonomiku JZD 
264 1 |a Praha  |b Státní zemědělské nakladatelství  |c 1971 
773 0 |w eu_un_cat*0009450 
610 2 0 |a poľnohospodárstvo